| 000 | 00506nam a2200169 a 4500 | ||
|---|---|---|---|
| 001 | 3491 | ||
| 005 | 20180713183421.0 | ||
| 008 | 140415s1969 000 0 spa d | ||
| 041 | _aspa | ||
| 082 |
_a300.018 _bPAR |
||
| 100 | 1 | _aPARDINAS, FELIPE | |
| 245 | 1 | 0 |
_aMETODOLOGIA Y TECNICAS DE INVESTIGACION : _bEN CIENCIAS SOCIALES |
| 250 | _a2a ed. | ||
| 260 |
_a[s.l.] : _bSIGLO VEINTIUNO EDITORES, _c1969 |
||
| 300 | _a188 | ||
| 650 | 1 | 4 |
_aCIENCIAS SOCIALES _xMETODOLOGIA _xINVESTIGACION SOCIAL |
| 999 |
_c3491 _d3491 |
||